Normal view
MARC view
- 1.Poirot, Hercule (Fictitious character) --Fiction.2.Private investigators --England --Fiction
Entry Topical Term
001 - CONTROL NUMBER
- control field: 122263
003 - CONTROL NUMBER IDENTIFIER
- control field: NUST
005 - DATE AND TIME OF LATEST TRANSACTION
- control field: 20240403100518.0
008 - FIXED-LENGTH DATA ELEMENTS
- fixed length control field: 240403|| aca||aabn | a|a d
040 ## - CATALOGING SOURCE
- Original cataloging agency: NUST
- Transcribing agency: NUST
150 ## - HEADING--TOPICAL TERM
- Topical term or geographic name entry element: 1.Poirot, Hercule (Fictitious character) --Fiction.2.Private investigators --England --Fiction
670 ## - SOURCE DATA FOUND
- Source citation: Work cat.: (NUST)4997: Christie, Agatha. 8918, The ABC Murders, 1936.
